Lirios del valle o los amantes de la virginidad
Guardat en:
| Autor principal: | |
|---|---|
| Format: | Llibre |
| Idioma: | espanyol |
| Publicat: |
Sevilla
ImprentabDivina Pastora
1902
|
| Edició: | 5a. ed |
| Matèries: | |
| Etiquetes: |
Afegir etiqueta
Sense etiquetes, Sigues el primer a etiquetar aquest registre!
|
MARC
| LEADER | 00000cam a2200000 a 4500 | ||
|---|---|---|---|
| 001 | UCD0087 | ||
| 003 | CL-VaPUC | ||
| 008 | 151112e19020000sp |||||||||||||||||spa|d | ||
| 082 | 0 | 4 | |a 291.56 |b VAL |2 21 |
| 100 | 0 | |a Valencina, Ambrosio de |e author |9 583088 | |
| 245 | 1 | 0 | |a Lirios del valle o los amantes de la virginidad |
| 250 | |a 5a. ed | ||
| 300 | |a 340 p | ||
| 942 | |c BK | ||
| 945 | |d 20151112 20:22:00 |a gsalatino | ||
| 260 | |a Sevilla |b ImprentabDivina Pastora |c 1902 | ||
| 650 | 0 | |a Virginidad |9 366150 | |
| 650 | 7 | |a MATRIMONIO |2 CL-VaPUC |9 583089 | |
| 650 | 0 | |a Literatura española |9 306261 | |
| 583 | |a last modification |c 20151112 20:22:00 |k Rodrigo Vera | ||
| 999 | |c 361709 |d 361707 | ||
| 952 | |0 0 |1 0 |3 erd |4 0 |6 291_560000000000000_VAL_1902 |7 0 |8 P |9 472350 |a BIBTEO |b BIBTES |c TEO_FTES |i 5270103 |o 291.56 VAL 1902 |p 5270103 |r 2024-01-18 |w 2019-11-24 |y BK |z Catalogado en:20151112 |k ICR | ||